00576nam a22001571a 450000100060000000300040000600500170001000800410002705000200006810000300008824501390011826400740025730000100033150000250034165000520036611659OSt20260204212251.0130502s2011||||dr ||||||b||||||||||spa|| aRD 340.93 C674e aMedos Veloz, Ana Mercedes aEl defensor del pueblo en la Republica Dominicana: necesidad e importancia (ahora con rango constitucional) / Ana Mercedes Medos Veloz aRepública Dominicana: Colegio de Abogado de la Republica Dominicana a143 P aIncluye bibliografia aDerecho Publico - Defensor del Pueblo I- tilÌ